| 000 | 005640000a22001810004500 | ||
|---|---|---|---|
| 003 | MACL | ||
| 005 | 20160121134331.0 | ||
| 008 | 160121b xxu||||| |||| 00| 0 eng d | ||
| 040 |
_aMACL _cmacl |
||
| 041 | _aHindi | ||
| 082 | _a363.25/BAB | ||
| 100 |
_aबाबेल बसन्ती लाल _933817 |
||
| 245 | _aन्यायिक विज्ञान | ||
| 260 |
_bईस्टर्न बुक कम्पनी _c1997 _aलखनउ |
||
| 350 | _a60 | ||
| 650 |
_aSocial Problem & Services _933915 |
||
| 942 |
_cHIN _k363.25 /BAB _2ddc |
||
| 999 |
_c30771 _d30771 |
||